NFL Week 1 Stat Leaders 2025 - Statistics

General Stats
  • This quiz has been taken 65 times
  • The average score is 5 of 26
Answer Stats
Hint Answer % Correct
394 Passing yards Josh Allen
93%
169 Rushing yards Derrick Henry
67%
362 Passing yards Geno Smith
53%
318 Passing yards Justin Herbert
50%
71 Rushing yards Jonathan Taylor
43%
130 Receiving yards Puka Nacua
36%
110 Receiving yards Ceedee Lamb
34%
2.0 sacks Myles Garrett
33%
290 Passing yards Joe Flacco
24%
298 Passing yards Michael Penix Jr.
16%
124 Receiving yards Jaxon Smith-Njigba
9%
143 Receiving yards Zay Flowers
7%
107 Rushing yards Breece Hall
3%
143 Rushing yards Travis Etienne Jr.
3%
82 Rushing yards Jacory Croskey-Merritt
2%
112 Receiving yards Keon Coleman
2%
2.0 sacks Will McDonald IV
2%
16 tackles Bobby Okekere
0%
2.0 sacks Brian Burns
0%
2.0 sacks Drue Tranquill
0%
12 tackles Edgerrin Cooper
0%
2.5 sacks Harold Landy III
0%
2.0 sacks Javon Hargrave
0%
12 tackles Jordan Battle
0%
14 tackles Jordyn Brooks
0%
13 tackles Tyrel Dodson
0%
No matching quizzes found
Score Distribution
Percent of People with Each Score
Percentile by Number Answered
Your Score History
You have not taken this quiz